| 000 -ლიდერი |
| ფიქსირებული სიგრძის საკონტროლო ველი |
01220nam a2200277Ia 4500 |
| 001 - საკონტროლო ნომერი |
| საკონტროლო ველი |
21827 |
| 003 - საკონტროლო ნომრის იდენტიფიკატორი |
| საკონტროლო ველი |
GE_BSU |
| 005 - ბოლო ოპერაციის თარიღი და დრო |
| საკონტროლო ველი |
20220523165606.0 |
| 008 - ფიქსირებული სიგრძის მონაცემთა ელემენტები - ზოგადი ინფორმაცია |
| ფიქსირებული სიგრძის საკონტროლო ველი |
181216s ||||ge |||||||||||||| ||geo|| |
| 020 ## - წიგნის საერთაშორისო სტანდარტული ნომერი |
| International Standard Book Number |
9994083635 |
| 040 ## - კატალოგიზაციის წყარო |
| Transcribing agency |
GE_BSU |
| 041 ## - ენის კოდი |
| Language code of text/sound track or separate title |
geo |
| 080 ## - უნივერსალური ათობითი კლასიფიკაციის ინდექსი |
| Universal Decimal Classification number |
811.353.1-8(075.3) დ-26 |
| 245 ## - ცნობა სათაურის შესახებ |
| Title |
დედა ენა : |
| Remainder of title |
მე-2 კლასი / |
| Statement of responsibility, etc |
შეადგინა ვალერიან რამიშვილმა ; მხატვ. : მ. მორჩილაძე, დ. ზარაფიშვილი, გ. ქლიბაძე [და სხვ.]. |
| 264 ## - წარმოების, გამოცემის, დისტრიბუციის და სხვა ცნობები |
| გამოცემის, წარმოების, დისტრიბუციის... ადგილი |
თბილისი : |
| გამოცემის, წარმოების, დისტრიბუციის... სახელწოდება |
აისი, |
| გამოცემის, წარმოების, დისტრიბუციის... თარიღი |
2006. |
| 300 ## - ფიზიკური აღწერა |
| Extent |
131 გვ. ; |
| Dimensions |
22 სმ. |
| 653 ## - INDEX TERM--UNCONTROLLED |
| Uncontrolled term |
დედა ენა |
| 653 ## - INDEX TERM--UNCONTROLLED |
| Uncontrolled term |
მე-2 კლასი |
| 653 ## - INDEX TERM--UNCONTROLLED |
| Uncontrolled term |
ქართული ენა |
| 700 ## - ADDED ENTRY--PERSONAL NAME |
| Personal name |
რამიშვილი, ვალერიან |
| Relator term |
შემდგენელი |
| 9 (RLIN) |
1173 |
| 700 ## - ADDED ENTRY--PERSONAL NAME |
| Personal name |
მორჩილაძე, მ. |
| Relator term |
მხატვარი |
| 9 (RLIN) |
9967 |
| 700 ## - ADDED ENTRY--PERSONAL NAME |
| Personal name |
ზარაფიშვილი, დ. |
| Relator term |
მხატვარი |
| 9 (RLIN) |
13812 |
| 700 ## - ADDED ENTRY--PERSONAL NAME |
| Personal name |
ქლიბაძე, გ. |
| Relator term |
მხატვარი |
| 9 (RLIN) |
5856 |
| 942 ## - ADDED ENTRY ELEMENTS (KOHA) |
| Koha item type |
წიგნი |
| Source of classification or shelving scheme |
|